000 00262nam a2200109Ia 4500
008 220216s9999 xx 000 0 und d
100 _aMohankumar S.
245 0 _aBig opportunity for rubber sheetings
260 _bRubber
_c1995
300 _a13-Dec
942 _cML
999 _c72982
_d72982